| 000 | 00892nam a2200289 a 4500 | ||
|---|---|---|---|
| 001 | 2820 | ||
| 003 | BD-DhEWU | ||
| 005 | 20170605171108.0 | ||
| 008 | 170605s2017 ii a g b 000 0 eng d | ||
| 020 | _a9788183298766 | ||
| 040 |
_aBD-DhEWU _dBD-DhEWU _beng _cBD-DhEWU |
||
| 041 | _aeng | ||
| 082 | 0 | 4 |
_a020 _bKNO 2017 |
| 245 | 1 | 0 |
_aKnowledge generation, discovery sharing and networking in 21st century / _cedited by Shabahat Husain and P.M. Naushad Ali. |
| 260 |
_aNew Delhi : _bShree publishers, _c2017. |
||
| 300 |
_aviii, 296 p. : _bill ; _c22 cm. |
||
| 504 | _aIncludes bibliographical references. | ||
| 526 | _aDIS | ||
| 590 | _aSagar Shahanawaz | ||
| 653 | 1 | _aKnowledge management. | |
| 653 | 1 | _aKnowledge sharing. | |
| 653 | 1 | _aSocial networking. | |
| 700 | 1 |
_aHusain, Shabahat. _920908 |
|
| 700 | 1 |
_aAli, P.M. Naushad. _920909 |
|
| 942 |
_cTEXT _2ddc |
||
| 999 |
_c2820 _d2820 |
||
| 999 |
_c2820 _d2820 |
||